书目信息 |
| 题名: |
后现代与历史学——中西比较
|
|
| 作者: | 王晴佳 , 古伟瀛 著 | |
| 分册: | ||
| 出版信息: | 济南 山东大学出版社 2003 |
|
| 页数: | 282页 | |
| 开本: | 20cm | |
| 丛书名: | 《人文前沿》丛书 | |
| 单 册: | ||
| 中图分类: | K091 | |
| 科图分类: | ||
| 主题词: | 后现代主义--史学--对比研究--中国--西方国家 , 后现代主义 , 史学 | |
| 电子资源: | ||
| ISBN: | 7-5607-2684-4 | |
| 000 | 00934oam2 2200277 450 | |
| 001 | 1242643921 | |
| 005 | 20121007115145.56 | |
| 010 | @a7-5607-2684-4@dCNY30.00 | |
| 100 | @a20031203d2003 kemy0chiy50 ea | |
| 101 | 0 | @achi |
| 102 | @aCN@b370000 | |
| 105 | @ay z 000yy | |
| 200 | 1 | @a后现代与历史学——中西比较@Ahou xian dai yu li shi xue — — zhong xi bi jiao@f王晴佳,古伟瀛著 |
| 210 | @a济南@c山东大学出版社@d2003 | |
| 215 | @a282页@d20cm | |
| 225 | 2 | @a《人文前沿》丛书 |
| 330 | @a该书探究和说明了后现代主义与史学研究之间的联系。内容包括后现代主义简介、后现代史学的发展以及后现代主义与中国史学三大部分。 | |
| 461 | 0 | @12001 @a《人文前沿》丛书 |
| 606 | 0 | @a后现代主义@x史学@x对比研究@y中国@y西方国家 |
| 606 | 0 | @a后现代主义 |
| 606 | 0 | @a史学 |
| 690 | @aK091@v4 | |
| 701 | 0 | @a王晴佳@Awang qing jia@4著 |
| 701 | 0 | @a古伟瀛@Agu wei ying@f(1946~)@4著 |
| 801 | 0 | @aCN@bNLC@c20101222 |
| 905 | @a10447@dK091@eJY43 | |
| 后现代与历史学——中西比较/王晴佳,古伟瀛著.-济南:山东大学出版社,2003 |
| 282页;20cm.-(《人文前沿》丛书) |
| ISBN 7-5607-2684-4:CNY30.00 |
| 该书探究和说明了后现代主义与史学研究之间的联系。内容包括后现代主义简介、后现代史学的发展以及后现代主义与中国史学三大部分。 |
| ● |
| 相关链接 |
|
|
|
|
正题名:后现代与历史学——中西比较
索取号:K091/JY43
 
预约/预借
| 序号 | 登录号 | 条形码 | 馆藏地/架位号 | 状态 | 备注 |
| 1 | 7831003 | 278310034 | 学院路分馆/ [索取号:K091/JY43] | 在馆 | |
| 2 | 7831004 | 278310043 | 学院路分馆/ [索取号:K091/JY43] | 在馆 |